Yatrika: tatva jnaniya vichara lahari (Record no. 143065)

MARC details
000 -LEADER
fixed length control field 00784nam a2200253Ia 4500
003 - CONTROL NUMBER IDENTIFIER
control field OSt
005 - DATE AND TIME OF LATEST TRANSACTION
control field 20250804103448.0
008 - FIXED-LENGTH DATA ELEMENTS--GENERAL INFORMATION
fixed length control field 210210b1954 xxu||||| |||| 00| 0 eng d
040 ## - CATALOGING SOURCE
Transcribing agency AL
041 ## - LANGUAGE CODE
Language code of text/sound track or separate title Kannada
082 ## - DEWEY DECIMAL CLASSIFICATION NUMBER
Classification number 852/448
100 ## - MAIN ENTRY--PERSONAL NAME
Personal name RANGANATHA DIVAKARA
Dates associated with a name ರಂಗನಾಥ ದಿವಾಕರ
9 (RLIN) 233755
245 ## - TITLE STATEMENT
Title Yatrika: tatva jnaniya vichara lahari
Remainder of title ಯಾತ್ರಿಕ: ತತ್ವ ಜ್ಞಾನ ವಿಚಾರ ಲಹರಿ
260 ## - PUBLICATION, DISTRIBUTION, ETC.
Place of publication, distribution, etc. DhAravADa
Name of publisher, distributor, etc. Manohara Grantha Prakashana Samiti
Date of publication, distribution, etc. 1954
650 ## - SUBJECT ADDED ENTRY--TOPICAL TERM
Topical term or geographic name entry element YAtrika:
9 (RLIN) 233756
650 ## - SUBJECT ADDED ENTRY--TOPICAL TERM
Topical term or geographic name entry element YAtrika
9 (RLIN) 233756
650 ## - SUBJECT ADDED ENTRY--TOPICAL TERM
Topical term or geographic name entry element vichAra
9 (RLIN) 233757
650 ## - SUBJECT ADDED ENTRY--TOPICAL TERM
Topical term or geographic name entry element tatva
9 (RLIN) 233758
650 ## - SUBJECT ADDED ENTRY--TOPICAL TERM
Topical term or geographic name entry element lahari
9 (RLIN) 233759
650 ## - SUBJECT ADDED ENTRY--TOPICAL TERM
Topical term or geographic name entry element jnaniya
9 (RLIN) 233760
690 ## - LOCAL SUBJECT ADDED ENTRY--TOPICAL TERM (OCLC, RLIN)
Topical term or geographic name as entry element Kannada Prose
9 (RLIN) 233761
906 ## - LOCAL DATA ELEMENT F, LDF (RLIN)
a 019014
942 ## - ADDED ENTRY ELEMENTS (KOHA)
Source of classification or shelving scheme Dewey Decimal Classification
Koha item type Book
Holdings
Withdrawn status Lost status Source of classification or shelving scheme Damaged status Not for loan Collection code Home library Current library Shelving location Date acquired Cost, normal purchase price Total Checkouts Full call number Barcode Date last seen Price effective from Koha item type
    Dewey Decimal Classification     Kannada St Aloysius Library St Aloysius Library   02/17/2021 0.00   852/448 019014 02/17/2021 02/17/2021 Book